Thermodynamics for engineers (Record no. 181124)

000 -LEADER
fixed length control field 00377nam a2200133Ia 4500
008 - FIXED-LENGTH DATA ELEMENTS--GENERAL INFORMATION
fixed length control field 220217s9999||||xx |||||||||||||| ||und||
020 ## - INTERNATIONAL STANDARD BOOK NUMBER
International Standard Book Number 08-4930-232-3
082 ## - DEWEY DECIMAL CLASSIFICATION NUMBER
Classification number 621.402 WON
100 ## - MAIN ENTRY--PERSONAL NAME
Personal name Wong, Kau-Fui Vincent
9 (RLIN) 7522
245 #0 - TITLE STATEMENT
Title Thermodynamics for engineers
260 ## - PUBLICATION, DISTRIBUTION, ETC.
Place of publication, distribution, etc. CRC press
Name of publisher, distributor, etc. New Delhi
Date of publication, distribution, etc. 2000
300 ## - PHYSICAL DESCRIPTION
Extent 370p.;28cm
Other physical details 395
650 ## - SUBJECT ADDED ENTRY--TOPICAL TERM
Topical term or geographic name entry element Thermodynamics
9 (RLIN) 6541
Holdings
Withdrawn status Lost status Damaged status Not for loan Collection code Home library Current library Date acquired Full call number Barcode Date last seen Price effective from Koha item type
        Mechanical Engineering Central Library Central Library 02/18/2022 621.402 WON 16313 02/18/2022 02/18/2022 Books

Powered by Koha